Concrete solutions (Record no. 10949)
[ view plain ]
| 000 -LEADER | |
|---|---|
| fixed length control field | 01819nam a2200361Ia 4500 |
| 001 - CONTROL NUMBER | |
| control field | CRC0KE15622PDF |
| 003 - CONTROL NUMBER IDENTIFIER | |
| control field | BD-DhSAU |
| 005 - DATE AND TIME OF LATEST TRANSACTION | |
| control field | 20151012144258.0 |
| 006 - FIXED-LENGTH DATA ELEMENTS--ADDITIONAL MATERIAL CHARACTERISTICS | |
| fixed length control field | m|||||o||d|||||||| |
| 007 - PHYSICAL DESCRIPTION FIXED FIELD--GENERAL INFORMATION | |
| fixed length control field | cr|||| |
| 008 - FIXED-LENGTH DATA ELEMENTS--GENERAL INFORMATION | |
| fixed length control field | 120607s2012 ne ad sb 101 0 eng d |
| 020 ## - INTERNATIONAL STANDARD BOOK NUMBER | |
| International Standard Book Number | 9780203128183 (ebook : PDF) |
| 040 ## - CATALOGING SOURCE | |
| Original cataloging agency | BD-DhSAU |
| Transcribing agency | BD-DhSAU |
| 090 ## - LOCALLY ASSIGNED LC-TYPE CALL NUMBER (OCLC); LOCAL CALL NUMBER (OCLC) | |
| Classification number (OCLC) (R) ; Classification number, CALL (RLIN) (NR) | TA439 |
| Local cutter number (OCLC) ; Book number/undivided call number, CALL (RLIN) | .I58 2011 |
| 092 ## - LOCALLY ASSIGNED DEWEY CALL NUMBER (OCLC) | |
| Classification number | 620.136 |
| Item number | I612 |
| 111 2# - MAIN ENTRY--MEETING NAME | |
| Meeting name or jurisdiction name as entry element | International Conference on Concrete Repair |
| Number of part/section/meeting | (4th : |
| Date of meeting | 2011 : |
| Location of meeting | Dresden, Germany) |
| 245 10 - TITLE STATEMENT | |
| Title | Concrete solutions |
| Medium | [electronic resource] : |
| Remainder of title | proceedings of Concrete Solutions, 4th International Conference on Concrete Repair, Desden, Germany, 26-28 September 2011 / |
| Statement of responsibility, etc. | editors, Michael Grantham, Viktor Mechtcherine, Ulrich Schneck. |
| 260 ## - PUBLICATION, DISTRIBUTION, ETC. (IMPRINT) | |
| Place of publication, distribution, etc. | Leiden, The Netherlands : |
| Name of publisher, distributor, etc. | CRC Press, |
| Date of publication, distribution, etc. | 2012. |
| 300 ## - PHYSICAL DESCRIPTION | |
| Extent | xiii, 856 p. : |
| Other physical details | ill. |
| 500 ## - GENERAL NOTE | |
| General note | "A Balkema book." |
| 504 ## - BIBLIOGRAPHY, ETC. NOTE | |
| Bibliography, etc | Includes bibliographical references and index. |
| 505 0# - FORMATTED CONTENTS NOTE | |
| Formatted contents note | Case studies -- Electrochemical repair -- General repair -- Non destructive testing and diagnosis of problems -- Patch repair -- Repair of fire damage -- Service life modelling -- Strengthening materials and techniques/repair with composites -- Surface protection methods and materials -- Whole life costing. |
| 530 ## - ADDITIONAL PHYSICAL FORM AVAILABLE NOTE | |
| Additional physical form available note | Also available in print edition. |
| 538 ## - SYSTEM DETAILS NOTE | |
| System details note | Mode of access: World Wide Web. |
| 650 #0 - SUBJECT ADDED ENTRY--TOPICAL TERM | |
| Topical term or geographic name as entry element | Concrete |
| Form subdivision | Congresses. |
| 650 #0 - SUBJECT ADDED ENTRY--TOPICAL TERM | |
| Topical term or geographic name as entry element | Concrete construction |
| General subdivision | Maintenance and repair |
| Form subdivision | Congresses. |
| 655 #7 - INDEX TERM--GENRE/FORM | |
| Genre/form data or focus term | Electronic books. |
| Source of term | lcsh |
| 700 1# - ADDED ENTRY--PERSONAL NAME | |
| Personal name | Grantham, Mike. |
| 700 1# - ADDED ENTRY--PERSONAL NAME | |
| Personal name | Mechtcherine, Viktor. |
| 700 1# - ADDED ENTRY--PERSONAL NAME | |
| Personal name | Schneck, Ulrich. |
| 776 1# - ADDITIONAL PHYSICAL FORM ENTRY | |
| International Standard Book Number | 9780415616225 (hardback) |
| -- | 9780415683951 |
| 856 40 - ELECTRONIC LOCATION AND ACCESS | |
| Uniform Resource Identifier | <a href="http://marc.crcnetbase.com/isbn/9780203128183">http://marc.crcnetbase.com/isbn/9780203128183</a> |
| Electronic format type | application/PDF |
No items available.
